The complete idiot's travel guide to London / (Record no. 133941)

MARC details
000 -LEADER
fixed length control field 00759nam a22002657a 4500
003 - CONTROL NUMBER IDENTIFIER
control field 0
005 - DATE AND TIME OF LATEST TRANSACTION
control field 20180701150006.0
008 - FIXED-LENGTH DATA ELEMENTS--GENERAL INFORMATION
fixed length control field 0
010 ## - LIBRARY OF CONGRESS CONTROL NUMBER
LC control number A-999054
020 ## - INTERNATIONAL STANDARD BOOK NUMBER
Terms of availability 150.00
International Standard Book Number 8120316339
035 ## - SYSTEM CONTROL NUMBER
System control number A-999054, A-999055
037 ## - SOURCE OF ACQUISITION
Source of stock number/acquisition Cen Lib/Ret
040 ## - CATALOGING SOURCE
Original cataloging agency DPL
Language of cataloging EN
Transcribing agency 0
082 ## - DEWEY DECIMAL CLASSIFICATION NUMBER
Classification number 914.204
Item number OLS
100 ## - MAIN ENTRY--PERSONAL NAME
Personal name Olson, Donald
9 (RLIN) 39330
245 ## - TITLE STATEMENT
Title The complete idiot's travel guide to London /
Statement of responsibility, etc by Donald Olson
246 ## - VARYING FORM OF TITLE
Remainder of title
260 ## - PUBLICATION, DISTRIBUTION, ETC. (IMPRINT)
Name of publisher, distributor, etc Printice-Hall of India
Place of publication, distribution, etc Delhi
Date of publication, distribution, etc 1999
270 ## - ADDRESS
City New Delhi
Address M-97, Cannaught Circus
Postal code 110001
300 ## - PHYSICAL DESCRIPTION
Extent xiv,354p.
Dimensions 22cm(Hb)
500 ## - GENERAL NOTE
General note Includes index
650 ## - SUBJECT ADDED ENTRY--TOPICAL TERM
Topical term or geographic name as entry element London (England) -- Guidebooks
9 (RLIN) 39331
650 ## - SUBJECT ADDED ENTRY--TOPICAL TERM
Topical term or geographic name as entry element England -- London
9 (RLIN) 39332
942 ## - ADDED ENTRY ELEMENTS (KOHA)
Source of classification or shelving scheme Dewey Decimal Classification
Koha item type English Books
Classification part 914.204
Call number suffix OLS
Holdings
Withdrawn status Lost status Damaged status Not for loan Home library Current library Date acquired Source of acquisition Cost, normal purchase price Total Checkouts Full call number Barcode Date last seen Copy number Cost, replacement price Price effective from Koha item type Source of classification or shelving scheme Collection code
        Central Library Central Library 28/07/2015 Cen Lib/Ret 150.00   914.204 OLS A-999054 28/07/2015 1 150.00 28/07/2015 English Books    
        Patel Nagar Patel Nagar 01/07/2018 BPPD/Pub 150.00   914.204 OLS A-999055 01/07/2018 1 150.00 01/07/2018 English Books Dewey Decimal Classification Non-fiction

© Delhi Public Library
Hit Counter
free hit counter